[Event "Joao Pessoa Fischer Memorial 8th"]
[Site "Joao Pessoa"]
[Date "2017.03.17"]
[Round "1"]
[White "Gomes de Moura, Pedro Vinicius"]
[Black "Leao, Tales Braghini"]
[Result "1-0"]
[WhiteElo "1806"]
[BlackElo "1949"]
[PlyCount "57"]
[EventDate "2017.03.17"]
[EventType "swiss"]
[EventRounds "6"]
[EventCountry "BRA"]
[SourceTitle "CBM 177 Extra"]
[Source "ChessBase"]
[SourceDate "2017.04.27"]
[SourceVersion "1"]
[SourceVersionDate "2017.04.27"]
[SourceQuality "1"]

1. c4 Nf6 2. Nc3 g6 3. g3 Bg7 4. Bg2 0-0 5. e3 e5 6. d3 d6 7. Nge2 c6 8. 0-0 Re8 9. Rb1 Bg4 10. h3 Be6 11. b4 d5 12. b5 dxc4 13. bxc6 bxc6 14. dxc4 Qxd1 15. Rxd1 Bxc4 16. Rb7 e4 17. Ba3 Nd5 18. Nxd5 cxd5 19. Nf4 Nc6 20. Nxd5 Bxa2 21. Nc7 Rad8 22. Rxd8 Rxd8 23. Bxe4 Na5 24. Rxa7 Nc4 25. Be7 Rc8 26. Bb7 Rxc7 27. Ra8+ Bf8 28. Bxf8 h5 29. Bd6+ 1-0

[Event "Joao Pessoa Fischer Memorial 8th"]
[Site "Joao Pessoa"]
[Date "2017.03.17"]
[Round "2"]
[White "Torres, Douglas da Silva"]
[Black "Gomes de Moura, Pedro Vinicius"]
[Result "0-1"]
[WhiteElo "2162"]
[BlackElo "1806"]
[PlyCount "68"]
[EventDate "2017.03.17"]
[EventType "swiss"]
[EventRounds "6"]
[EventCountry "BRA"]
[SourceTitle "CBM 177 Extra"]
[Source "ChessBase"]
[SourceDate "2017.04.27"]
[SourceVersion "1"]
[SourceVersionDate "2017.04.27"]
[SourceQuality "1"]

1. c4 c5 2. Nc3 Nf6 3. g3 d5 4. cxd5 Nxd5 5. Bg2 Nc7 6. Nf3 Nc6 7. 0-0 e5 8. d3 Be7 9. Be3 0-0 10. Rc1 Ne6 11. Na4 Qa5 12. Nd2 Ned4 13. Re1 Bg4 14. b3 f5 15. Nc4 Qd8 16. Nc3 f4 17. Bxd4 exd4 18. Ne4 Rc8 19. Ncd2 Nb4 20. Nf3 Qd7 21. Ne5 Qf5 22. Nxg4 Qxg4 23. a3 Na2 24. Rc2 Nc3 25. Nxc3 dxc3 26. Rxc3 fxg3 27. hxg3 Qd4 28. Rc4 Qxf2+ 29. Kh2 Rf6 30. Rf1 Rh6+ 31. Rh4 Rxh4+ 32. gxh4 Bd6+ 33. Kh1 Qxh4+ 34. Kg1 Qh2+ 0-1

[Event "Recife Pernambuco op"]
[Site "Recife"]
[Date "2014.11.22"]
[Round "3"]
[White "Picasso Gallego, Nicolas"]
[Black "Gomes de Moura, Pedro Vinicius"]
[Result "1/2-1/2"]
[WhiteElo "1891"]
[BlackElo "1796"]
[PlyCount "102"]
[EventDate "2014.11.21"]
[EventType "swiss"]
[EventRounds "5"]
[EventCountry "BRA"]
[SourceTitle "CBM 163 Extra"]
[Source "ChessBase"]
[SourceDate "2014.12.23"]
[SourceVersion "1"]
[SourceVersionDate "2014.12.23"]
[SourceQuality "1"]

1. d4 Nf6 2. c4 d5 3. cxd5 Nxd5 4. e4 Nb6 5. Nc3 e6 6. Nf3 Be7 7. Bd3 Nc6 8. a3 0-0 9. Be3 f5 10. exf5 exf5 11. Qb3+ Kh8 12. d5 Bf6 13. Bxb6 axb6 14. 0-0 Nd4 15. Nxd4 Bxd4 16. Rad1 Bc5 17. Qc4 Bd7 18. Rfe1 f4 19. Ne4 Ra4 20. b4 Be7 21. Qc3 f3 22. Bf1 Bg4 23. Rd3 Qd7 24. h3 fxg2 25. Bxg2 Bf5 26. Rde3 Bh4 27. Ng3 Bg6 28. Rf3 Raa8 29. Ree3 Bg5 30. Rxf8+ Rxf8 31. Rf3 Re8 32. Qb3 h5 33. Nf1 h4 34. Rc3 Bf6 35. Re3 Bh5 36. Rxe8+ Bxe8 37. Ne3 Bf7 38. b5 Qd6 39. Ng4 Bd4 40. Qc4 Qc5 41. Qb3 c6 42. bxc6 bxc6 43. Ne3 Bxe3 44. fxe3 cxd5 45. Qd3 Qc6 46. Qd4 Qc1+ 47. Kf2 Qc2+ 48. Kg1 Qc1+ 49. Kf2 Qc2+ 50. Kg1 Qb1+ 51. Kf2 Qc2+ 1/2-1/2